| 000 | 00487nam a2200169Ia 4500 | ||
|---|---|---|---|
| 999 |
_c15319 _d15319 |
||
| 003 | OSt | ||
| 005 | 20201230135444.0 | ||
| 008 | 190216s9999||||xx |||||||||||||| ||und|| | ||
| 040 | _coclc | ||
| 082 |
_a891.43 _bRAN/T |
||
| 100 |
_aRanganayagamma, Mruppathre _97993 |
||
| 245 | 0 |
_aThasha Ke Mahal / _cMruppathre Ranganayagamma |
|
| 260 |
_bNational Book Stall, _aNew Delhi: |
||
| 300 | _a269p | ||
| 650 | _aHindi | ||
| 942 |
_cBK _2ddc _h891.43 _iRAN/T _k891.43 _mRAN/T |
||